Letters from an american farmer

Salvato in:
Dettagli Bibliografici
Autore principale: Crevecoeur, J. Hector St. John
Natura: Libro
Lingua:Undetermined
Pubblicazione: New York, Estados Unidos Dolphin Books [s.f.]
Soggetti:
Tags: Aggiungi Tag
Nessun Tag, puoi essere il primo ad aggiungerne!!

MARC

LEADER 00000nam a2200000Ia 4500
008 170316s9999 xx 000 0 und d
090 |a 810 C-25L 
100 |a Crevecoeur, J. Hector St. John 
245 |a Letters from an american farmer 
260 |a New York, Estados Unidos 
260 |b Dolphin Books 
260 |c [s.f.] 
300 |a 235 páginas 
650 |a LITERATURA ESTADOUNIDENSE 
999 |c 20909  |d 20909 
040 |a cru BVZT 
942 |c 15 D  |h 810 C-25L  |2 z